Biggest Trading Partners - Portugal - Statistics

General Stats
  • This quiz has been taken 43 times
  • The average score is 25 of 30
Answer Stats
Exports Country % Correct
5.74 bil France
100%
6.56 bil France
100%
13.47 bil Spain
100%
24.36 bil Spain
100%
0.39 bil Brazil
98%
1.89 bil Brazil
98%
1.64 bil China
98%
1.74 bil Italy
98%
3.84 bil Italy
98%
2.63 bil United Kingdom
98%
2.38 bil United Kingdom
98%
1.72 bil United States
98%
1.27 bil United States
98%
1.31 bil Netherlands
95%
3.34 bil Netherlands
95%
6.38 bil Germany
93%
9.63 bil Germany
93%
0.32 bil Poland
90%
1.14 bil Belgium
88%
1.96 bil Belgium
88%
0.29 bil Switzerland
88%
0.54 bil Sweden
85%
1.00 bil Norway
83%
0.29 bil Denmark
73%
1.04 bil Algeria
66%
0.98 bil Saudi Arabia
59%
1.26 bil Singapore
46%
2.55 bil Nigeria
34%
0.54 bil Malaysia
29%
1.46 bil Libya
22%
No matching quizzes found
Score Distribution
Percent of People with Each Score
Percentile by Number Answered
Your Score History
You have not taken this quiz